Statistics for Famous football/soccer players in Europe that played in Brasil

Click here to take the quiz!

General Stats

  • This quiz has been taken 120 times
  • The average score is 12 of 16

Answer Stats

Answer% Correct
Kaká
97%
Ronaldinho
97%
Neymar
94%
Marcelo
90%
Paquetá
83%
Filipe Luís
82%
Tévez
79%
Gabigol
77%
Mascherano
77%
Romário
76%
Douglas Costa
74%
Honda
72%
Daniel Alves
66%
Seedorf
63%
Elano
46%
Grafite
43%

Score Distribution

Percentile by Number Answered

Percent of People with Each Score

Your Score History

You have not taken this quiz